| 000 | 00749nam a22002297a 4500 | ||
|---|---|---|---|
| 005 | 20170124110208.0 | ||
| 010 | _aA-334414 | ||
| 020 | _c00.00 | ||
| 035 | _aA-334414 | ||
| 037 | _bCen Lib/Ret | ||
| 040 |
_aDPL _bEN |
||
| 082 |
_a181.4 _bBAL |
||
| 100 |
_aBali, Dev Raj _937657 |
||
| 245 |
_aModern Indian thought : _cby Dev Raj Bali _bRammohan Roy to Jayaprakash Narayan / |
||
| 260 |
_aNew Delhi _bSterling Publishers _c1988 |
||
| 270 |
_aL-10, Green Park Extension _bNew Delhi _e110016 |
||
| 300 |
_a284p. _c22cm(Hb) |
||
| 500 | _aIncludes bibliographical references and index | ||
| 650 |
_aPhilosophy, Indic -- History -- 19th century _937658 |
||
| 650 |
_aIntellectual life _931568 |
||
| 942 |
_2ddc _cEN _h181.4 _mBAL |
||
| 999 |
_c133335 _d133335 |
||